000 00563nam a22002177a 4500
001 0011781
003 DO-SdBNP
005 20180212120501.0
007 0011781
008 161117b 1977 sp||||| |||| 00| 0 spa d
020 _a8430504410
040 _aBPMSU
_bspa
_cBPMSU
082 _axxxxxxxxx
_bxxxxxxxxx
100 1 _aDisney, Walt
245 1 _aViejos aviones /
_cWalt Disney
260 _aMadrid :
_bSusaeta,
_c1977.
300 _a16 p. :
_bil.,
_c26 cm.
942 _2ddc
_cBK
945 _ainventariado, 2018 / dg
956 _aBTAVÁREZ
_b10
_c20161117
_d0011781
999 _c11980
_d11980